Cultura e historia de la Sierra Gorda de Querâetaro / (رقم التسجيلة. 108784)

تفاصيل مارك
000 -LEADER
fixed length control field 01210cam a22003374a 4500
008 - FIXED-LENGTH DATA ELEMENTS--GENERAL INFORMATION
fixed length control field 080229s2007 mx ab b f000 0 spa c
020 ## - INTERNATIONAL STANDARD BOOK NUMBER
International Standard Book Number 9707225262 (pbk.)
020 ## - INTERNATIONAL STANDARD BOOK NUMBER
International Standard Book Number 9789707225268 (pbk.)
040 ## - CATALOGING SOURCE
Original cataloging agency TOZ
Transcribing agency TOZ
Modifying agency DLC
043 ## - GEOGRAPHIC AREA CODE
Geographic area code n-mx---
050 00 - LIBRARY OF CONGRESS CALL NUMBER
Classification number F1219.1.Q37
Item number M85 2007
092 0# - LOCALLY ASSIGNED DEWEY CALL NUMBER (OCLC)
Classification number 972.00497
Item number M9673
Edition number 21
099 ## - LOCAL FREE-TEXT CALL NUMBER (OCLC)
Classification number 0\
-- 972.00497 M9673
100 1# - MAIN ENTRY--PERSONAL NAME
Personal name Munoz Espinosa, Marâia Teresa.
245 10 - TITLE STATEMENT
Title Cultura e historia de la Sierra Gorda de Querâetaro /
Statement of responsibility, etc. Marâia Teresa Munoz Espinosa.
250 ## - EDITION STATEMENT
Edition statement 1. ed.
260 ## - PUBLICATION, DISTRIBUTION, ETC.
Place of publication, distribution, etc. Mâexico, D.F. :
Name of publisher, distributor, etc. CONACYT :
-- Plaza y Valdâes,
Date of publication, distribution, etc. 2007.
300 ## - PHYSICAL DESCRIPTION
Extent 216 p. :
Other physical details ill., maps ;
Dimensions 23 cm.
490 1# - SERIES STATEMENT
Series statement Antropologâia
504 ## - BIBLIOGRAPHY, ETC. NOTE
Bibliography, etc. note Includes bibliographical references (p. 207-216).
650 #0 - SUBJECT ADDED ENTRY--TOPICAL TERM
Topical term or geographic name entry element Excavations (Archaeology)
Geographic subdivision Mexico
-- Querâetaro (State)
650 #0 - SUBJECT ADDED ENTRY--TOPICAL TERM
Topical term or geographic name entry element Indian pottery
Geographic subdivision Mexico
-- Querâetaro (State)
650 #0 - SUBJECT ADDED ENTRY--TOPICAL TERM
Topical term or geographic name entry element Indians of Mexico
Geographic subdivision Mexico
-- Querâetaro (State)
General subdivision Antiquities.
651 #0 - SUBJECT ADDED ENTRY--GEOGRAPHIC NAME
Geographic name Querâetaro (Mexico : State)
General subdivision Antiquities.
651 #0 - SUBJECT ADDED ENTRY--GEOGRAPHIC NAME
Geographic name Sierra Gorda (Mexico)
General subdivision Antiquities.
830 #0 - SERIES ADDED ENTRY--UNIFORM TITLE
Uniform title Antropologâia (Plaza y Valdâes (Firm))
902 ## - LOCAL DATA ELEMENT B, LDB (RLIN)
No. of Items 1
905 ## - LOCAL DATA ELEMENT E, LDE (RLIN)
Cataloger Eman
Reviser Rev
905 ## - LOCAL DATA ELEMENT E, LDE (RLIN)
Cataloger Jamal
Reviser Cat.
942 ## - ADDED ENTRY ELEMENTS (KOHA)
Source of classification or shelving scheme Dewey Decimal Classification
Koha item type Books
المقتنيات
Source of classification or shelving scheme Not for loan Home library Current library Date acquired Full call number Barcode Date last seen Copy number Koha item type
Dewey Decimal Classification   المكتبة المركزبة الجديدة - جامعة القاهرة قاعة الانسانيات - الدور الثاني 11.02.2024 972.00497 M9673 01000110188518000 23.09.2023 C.1 Books
Cairo University Libraries Portal Implemented & Customized by: Eng. M. Mohamady Contacts: new-lib@cl.cu.edu.eg | cnul@cl.cu.edu.eg
CUCL logo CNUL logo
© All rights reserved — Cairo University Libraries
CUCL logo
Implemented & Customized by: Eng. M. Mohamady Contact: new-lib@cl.cu.edu.eg © All rights reserved — New Central Library
CNUL logo
Implemented & Customized by: Eng. M. Mohamady Contact: cnul@cl.cu.edu.eg © All rights reserved — Cairo National University Library